Generals Knowledge - Statistics

General Stats
  • This quiz has been taken 42 times
  • The average score is 8 of 18
Answer Stats
Hint Answer % Correct
Top Confederate general in the Civil War General Robert E. Lee
87%
Allied Supreme Commander who became President of the United States General Dwight D. Eisenhower
79%
Dictator of Spain 1936-75 Generalissimo Francisco Franco
72%
American general who returned to the Philippines General Douglas MacArthur
67%
Confederate Civil War general who was presumably hard to move General Thomas "Stonewall" Jackson
64%
American Civil War general with a hairstyle named after him General Ambrose Burnside
62%
Jetpunk quiz series with 140+ (and counting!) quizzes General Knowledge
62%
Major American auto manufacturer General Motors
62%
Massive appliance and power conglomerate General Electric
56%
Chinese general with a chicken dish named after him General Tso
44%
Superman villain General Zod
44%
Medical-themed TV show General Hospital
38%
Mexican conqueror of the Alamo who became President of Mexico General Santa Anna
31%
Leader of the Imperial attack on Hoth General Maximilian Veers
21%
"For all your pioneer goods" General Store
21%
Subject of a Gilbert & Sullivan song The very model of a modern major-general
13%
Non-specific university degree Bachelor of General Studies
5%
Top Canadian commander in World War I General Sir Arthur Currie
5%
No matching quizzes found
Score Distribution
Percent of People with Each Score
Percentile by Number Answered
Your Score History
You have not taken this quiz